'M' Character Sort Quiz Stats

 Plays Quiz not verified by Sporcle

Score 0/25 Timer 05:00
0 Plays Today
% Correct
Moby-Dick
88.6%
Murder on the Orient Express
86.7%
A Midsummer Night's Dream
85.9%
A Midsummer Night's Dream
83.7%
Make Way for Ducklings
78.7%
Matilda
77.9%
Murder on the Orient Express
77.6%
Murder on the Orient Express
73%
Matilda
73%
A Midsummer Night's Dream
71.9%
Make Way for Ducklings
71.5%
Make Way for Ducklings
70.7%
Moby-Dick
70%
% Correct
Make Way for Ducklings
65.4%
A Midsummer Night's Dream
64.6%
Matilda
62.4%
Moby-Dick
60.1%
Moby-Dick
60.1%
Make Way for Ducklings
58.9%
Matilda
58.9%
Murder on the Orient Express
58.2%
Murder on the Orient Express
57.8%
A Midsummer Night's Dream
55.9%
Moby-Dick
54%
Matilda
33.5%

You're not logged in!

Compare scores with friends on all Sporcle quizzes.
OR
Log In

Sporcle TV

Today on Sporcle TV


Watch our educational content, quiz creation guides, and fun videos on Sporcle TV.

Show Comments

Extras

Created Jul 21, 2016ReportNominate
Tags:Clickable Quiz, character, found, sort

Top Quizzes Today


Score Distribution

Your Account Isn't Verified!

In order to create a playlist on Sporcle, you need to verify the email address you used during registration. Go to your Sporcle Settings to finish the process.

Report this User

Report this user for behavior that violates our Community Guidelines.

Details: